000 00285nam a2200121Ia 4500
005 20260326235450.0
008 260326s9999||||xx |||||||||||||| ||und||
100 _aGoad, Philip
245 0 _aTroppo Architects /
_cPhilip Goad
260 _bPeriplus
650 _aARQUITECTOS
942 _cBK
999 _c7712
_d7712